La Revue du Louvre et des musées de France.

Bibliographic Details
New Title:Revue du Louvre
Previous Title:Revue des arts
Corporate Author: Conseil des musées nationaux (France)
Format: Journal
Language:French
Published: Paris : Conseil des musées nationaux, -1990.
Subjects:
Online Availability: Check for online availability

MARC

Tag First Indicator Second Indicator Subfields
LEADER 00000cas a2200000 a 4500
001 in00001405028
005 20151020064122.0
008 751101d19611990fr brzp 0 b0fre d
010 |a sn 86012725  
022 |a 0035-2608 
035 |a (OCoLC)01764141 
035 |9 AHP4549AM 
040 |a MUL  |c MUL  |d COO  |d YUS  |d IUL  |d NYG  |d AIP  |d DLC  |d NST  |d WAU  |d NST  |d TXA  |d UtOrBLW 
042 |a nsdp 
043 |a e-fr--- 
049 |a TXAE 
090 |a N2010  |b .R44 
210 0 |a Rev. Louvre mus. Fr. 
222 3 |a La Revue du Louvre et des musées de France 
245 0 3 |a La Revue du Louvre et des musées de France. 
264 1 |a Paris :  |b Conseil des musées nationaux,  |c  -1990. 
300 |a 30 volumes :  |b illustrations ;  |c 28 cm. 
310 |a Bimonthly 
336 |a text  |b txt  |2 rdacontent 
337 |a unmediated  |b n  |2 rdamedia 
338 |a volume  |b nc  |2 rdacarrier 
362 1 |a Began with 11.année (no 1) in 1961; ceased with 40.année, [no] 6 in 1990. 
500 |a Evans' description based on: 27.année, [no] 1 in 1977; title from cover. 
510 2 |a Artbibliographies modern  |x 0300-466X 
510 2 |a Avery index to architectural periodicals. Second edition. Revised and enlarged. Supplement  |x 0196-0008 
510 1 |a RILA. Répertoire international de la littérature de l'art  |x 0145-5982 
510 1 |a Art index  |x 0004-3222 
650 0 |a Art museums  |z France. 
650 0 |a Art  |v Periodicals. 
610 2 5 |a Musée du Louvre. 
710 2 |a Conseil des musées nationaux (France) 
780 0 0 |t Revue des arts  |w (OCoLC)1639980 
785 0 0 |t Revue du Louvre  |w (DLC)sn 92038036  |w (OCoLC)23957378 
948 |a t1 
999 |a MARS 
999 f f |s 9b784fa8-ae08-375d-a338-47b82a545977  |i 6d20f981-9387-3923-9380-f781716a9ae3  |t 0 
952 f f |p serial  |a Texas A&M University  |b College Station  |c Sterling C. Evans Library  |d Evans: Library Stacks  |t 0  |e N2010 .R44  |h Library of Congress classification  |i unmediated -- volume  |k 39.annee:no.4-6  |l 1989  |m A14812066409 
952 f f |p serial  |a Texas A&M University  |b College Station  |c Sterling C. Evans Library  |d Evans: Library Stacks  |t 0  |e N2010 .R44  |h Library of Congress classification  |i unmediated -- volume  |k 38.annee:no.3/4  |l 1988  |m A14811831699 
952 f f |p serial  |a Texas A&M University  |b College Station  |c Sterling C. Evans Library  |d Evans: Library Stacks  |t 0  |e N2010 .R44  |h Library of Congress classification  |i unmediated -- volume  |k 33.annee  |l 1983  |m A14829310089 
952 f f |p serial  |a Texas A&M University  |b College Station  |c Sterling C. Evans Library  |d Evans: Library Stacks  |t 0  |e N2010 .R44  |h Library of Congress classification  |i unmediated -- volume  |k 39.annee:no.1-3  |l 1989  |m A14812072159 
952 f f |p serial  |a Texas A&M University  |b College Station  |c Sterling C. Evans Library  |d Evans: Library Stacks  |t 0  |e N2010 .R44  |h Library of Congress classification  |i unmediated -- volume  |k 38.annee:no.5/6  |l 1988  |m A14811831746 
952 f f |p serial  |a Texas A&M University  |b College Station  |c Sterling C. Evans Library  |d Evans: Library Stacks  |t 0  |e N2010 .R44  |h Library of Congress classification  |i unmediated -- volume  |k 40.annee:no.4-6  |l 1990  |m A14814358519 
952 f f |p serial  |a Texas A&M University  |b College Station  |c Sterling C. Evans Library  |d Evans: Library Stacks  |t 0  |e N2010 .R44  |h Library of Congress classification  |i unmediated -- volume  |k 38.annee:no.1/2  |l 1988  |m A14811831649 
952 f f |p serial  |a Texas A&M University  |b College Station  |c Sterling C. Evans Library  |d Evans: Library Stacks  |t 0  |e N2010 .R44  |h Library of Congress classification  |i unmediated -- volume  |k 40.annee:no.1-3  |l 1990  |m A14814358462 
952 f f |p normal  |a Texas A&M University  |b College Station  |c Sterling C. Evans Library  |d Evans: Library Stacks  |t 0  |e N2010 .R44  |h Library of Congress classification  |i unmediated -- volume  |k 27.annee  |l 1977  |m A14806700095 
952 f f |p serial  |a Texas A&M University  |b College Station  |c Sterling C. Evans Library  |d Evans: Library Stacks  |t 0  |e N2010 .R44  |h Library of Congress classification  |i unmediated -- volume  |k 37.annee  |l 1987  |m A14811414112 
998 f f |a N2010 .R44  |s 27.annee-40.annee (1977-1990)  |t 0  |l Evans: Library Stacks